000
00276nam a22001217a 4500
020
_a
0-340-36570-6
082
_a
629.8 ADA'E
100
_a
ADAMS, L. F
_9
74253
245
_a
ENGINEERING INSTRUMENTATION AND CONTROL IV
260
_a
ELBS
_c
1981
300
_a
256P
942
_c
BK
999
_c
579809
_d
579809